<?xml version="1.0" encoding="UTF-8"?>
<record
    xmlns:xsi="http://www.w3.org/2001/XMLSchema-instance"
    xsi:schemaLocation="http://www.loc.gov/MARC21/slim http://www.loc.gov/standards/marcxml/schema/MARC21slim.xsd"
    xmlns="http://www.loc.gov/MARC21/slim">

  <leader>06625nam a2200505 i 4500</leader>
  <controlfield tag="001">130380</controlfield>
  <controlfield tag="003">FINmELB</controlfield>
  <controlfield tag="005">20241217180248.0</controlfield>
  <controlfield tag="006">m     o  u        </controlfield>
  <controlfield tag="007">cr cn|||||||||</controlfield>
  <controlfield tag="008">211013s2017    ag a    ob    000 0 spa d</controlfield>
  <datafield tag="020" ind1=" " ind2=" ">
    <subfield code="z">9789871305957</subfield>
  </datafield>
  <datafield tag="035" ind1=" " ind2=" ">
    <subfield code="a">(OCoLC)1280138139</subfield>
  </datafield>
  <datafield tag="040" ind1=" " ind2=" ">
    <subfield code="a">FINmELB</subfield>
    <subfield code="b">spa</subfield>
    <subfield code="e">rda</subfield>
    <subfield code="c">FINmELB</subfield>
  </datafield>
  <datafield tag="050" ind1="0" ind2="0">
    <subfield code="a">ZA3075</subfield>
    <subfield code="b">.A443 2017</subfield>
  </datafield>
  <datafield tag="080" ind1=" " ind2=" ">
    <subfield code="a">004:316.4.063.3</subfield>
  </datafield>
  <datafield tag="082" ind1="0" ind2="4">
    <subfield code="a">028.7071</subfield>
    <subfield code="2">23</subfield>
  </datafield>
  <datafield tag="245" ind1="0" ind2="0">
    <subfield code="a">Alfabetizaci&#xF3;n informativa en la educaci&#xF3;n para la inclusi&#xF3;n social /</subfield>
    <subfield code="c">Berenice Mears Delgado, Miguel &#xC0;ngel Marzal Quismondo, Carlos Eduardo Montado Dur&#xE1;n [editors].</subfield>
  </datafield>
  <datafield tag="264" ind1=" " ind2="1">
    <subfield code="a">Ciudad Aut&#xF3;noma de Buenos Aires :</subfield>
    <subfield code="b">Alfagrama Ediciones,</subfield>
    <subfield code="c">[2017]</subfield>
  </datafield>
  <datafield tag="300" ind1=" " ind2=" ">
    <subfield code="a">1 recurso en l&#xED;nea (297 p&#xE1;ginas) :</subfield>
    <subfield code="b">ilustraciones</subfield>
  </datafield>
  <datafield tag="336" ind1=" " ind2=" ">
    <subfield code="a">texto</subfield>
    <subfield code="b">txt</subfield>
    <subfield code="2">rdacontent/spa</subfield>
  </datafield>
  <datafield tag="337" ind1=" " ind2=" ">
    <subfield code="a">computadora</subfield>
    <subfield code="b">c</subfield>
    <subfield code="2">rdamedia/spa</subfield>
  </datafield>
  <datafield tag="338" ind1=" " ind2=" ">
    <subfield code="a">recurso en l&#xED;nea</subfield>
    <subfield code="b">cr</subfield>
    <subfield code="2">rdacarrier/spa</subfield>
  </datafield>
  <datafield tag="490" ind1="1" ind2=" ">
    <subfield code="a">Biblioteca Alfagrama</subfield>
  </datafield>
  <datafield tag="504" ind1=" " ind2=" ">
    <subfield code="a">Incluye referencias bibliogr&#xE1;ficas.</subfield>
  </datafield>
  <datafield tag="505" ind1="0" ind2=" ">
    <subfield code="a">P&#xC1;GINA LEGAL -- &#xCD;NDICE -- PR&#xD3;LOGO -- CAP&#xCD;TULO I. EVALUACI&#xD3;N E INSERCI&#xD3;N CURRICULAR DE LA ALFABETIZACI&#xD3;N EN INFORMACI&#xD3;N -- ALFABETIZACI&#xD3;N INFORMACIONAL Y PEDAGOG&#xCD;A CR&#xCD;TICA: EXPERIENCIAS EN EDUCACI&#xD3;N SUPERIOR -- EVALUACI&#xD3;N PARA ALFABETIZACI&#xD3;N EN INFORMACI&#xD3;N: REFERENTES, MODOS, OBJETOS Y ELEMENTOS -- LA EVALUACI&#xD3;N DE LA ALFABETIZACI&#xD3;N EN INFORMACI&#xD3;N EN LA EDUCACI&#xD3;N SUPERIOR: EL CASO DE LA UNIVERSIDAD AUT&#xD3;NOMA DE CIUDAD JU&#xC1;REZ -- SECUENCIACI&#xD3;N GEN&#xC9;TICA NEURODIFUSA PARA LA INVESTIGACI&#xD3;N EN DESARROLLO DE HABILIDADES INFORMACIONALES -- CAP&#xCD;TULO II. INCLUSI&#xD3;N SOCIAL Y LA APORTACI&#xD3;N DE LAS BIBLIOTECAS -- LA INTEGRACI&#xD3;N DE LA INFORMACI&#xD3;N Y LA ALFABETIZACI&#xD3;N MEDI&#xC1;TICA EN EL PLAN DE ESTUDIOS DEL AMI DE LA UNESCO: APORTE METODOL&#xD3;GICO PARA LA LECTURA CR&#xCD;TICA DE LOS MEDIOS DE COMUNICACI&#xD3;N -- LAS COMPETENCIAS DE INFORMACI&#xD3;N Y LOS H&#xC1;BITOS DE LECTURA DIGITAL QUE POSEEN LOS ESTUDIANTES QUE INICIAN EL PRIMER A&#xD1;O EN UNIVERSIDADES EN PUERTO RICO: LA APORTACI&#xD3;N DE LA BIBLIOTECA ESCOLAR Y LA ACAD&#xC9;MICA -- INDICADORES DE INFO-INCLUSI&#xD3;N SOCIAL: MARCO GLOBAL DE LA UNESCO PARA LA MEDICI&#xD3;N DE HABILIDADES EN USO DE MEDIOS E INFORMACI&#xD3;N (MIL), MADUREZ NACIONAL Y COMPETENCIAS -- EL DERECHO A LA INFORMACI&#xD3;N EN LA SOCIEDAD DEL CONOCIMIENTO EN PUERTO RICO: REFLEXIONES Y PROPUESTAS -- CAP&#xCD;TULO III. FILOSOF&#xCD;A DE LA INFORMACI&#xD3;N -- &#xC9;TICA, POL&#xCD;TICA Y EST&#xC9;TICA: NUEVAS SUBJETIVIDADES EN LA ERA DE LA INFORMACI&#xD3;N -- INFORMACI&#xD3;N, COMPLEJIDAD Y RESILIENCIA ADAPTATIVA -- &#xBF;SABEMOS AD&#xD3;NDE VAMOS? -- LA FILOSOF&#xCD;A DE LA INFORMACI&#xD3;N Y LA FILOSOF&#xCD;A DE LA COMPLEJIDAD: &#xBF;M&#xC1;S ALL&#xC1; DE LA INFOESFERA? -- CAP&#xCD;TULO IV. TECNOLOG&#xCD;AS DE LA INFORMACI&#xD3;N Y LA COMUNICACI&#xD3;N -- EFECTIVIDAD DE LA UNIDAD DE APRENDIZAJE DE TECNOLOG&#xCD;AS DE LA COMUNICACI&#xD3;N Y GESTI&#xD3;N DE INFORMACI&#xD3;N DE LA UAN EN EL DESARROLLO DE LA ALFIN -- DESARROLLO DE HABILIDADES INFORMATIVAS EN UN POSGRADO A DISTANCIA PARA LA FORMACI&#xD3;N DE ESPECIALISTAS EN LA ENSE&#xD1;ANZA DE ESPA&#xD1;OL COMO LENGUA EXTRANJERA: UNA PROPUESTA MULTIDISCIPLINARIA -- RECURSOS ELECTR&#xD3;NICOS EDUCATIVOS EN AULAS Y BIBLIOTECAS -- RESUMEN CURRICULAR DE LOS AUTORES.</subfield>
  </datafield>
  <datafield tag="520" ind1=" " ind2=" ">
    <subfield code="a">En la d&#xE9;cada de los 80 lleg&#xF3; a la escena mundial la concepci&#xF3;n del t&#xE9;rmino brecha digital, como un camino para legitimar el acceso a la informaci&#xF3;n y a la tecnolog&#xED;a. Desde entonces, los gobiernos de los pa&#xED;ses y los organismos internacionales enfocados al desarrollo de las sociedades tales como la Organizaci&#xF3;n para la Cooperaci&#xF3;n y el Desarrollo Econ&#xF3;mico (OCDE), la Organizaci&#xF3;n de las Naciones Unidas para la Educaci&#xF3;n, la Ciencia y la Cultura (Unesco), entre otros, han realizado esfuerzos estrat&#xE9;gicos orientados a la medici&#xF3;n y disminuci&#xF3;n de la brecha digital, en consideraci&#xF3;n de los diferentes niveles de absorci&#xF3;n que existe con relaci&#xF3;n al manejo de las tecnolog&#xED;as de la informaci&#xF3;n y la comunicaci&#xF3;n (TIC). A la par de estas transformaciones, se encuentran otros dos t&#xE9;rminos como lo es el de alfabetizaci&#xF3;n en informaci&#xF3;n (Alfin) e inclusi&#xF3;n social. En la Proclamaci&#xF3;n de Alejandr&#xED;a en la que en 2005 se menciona la importancia de la Alfin dentro del aprendizaje a lo largo de la vida, haci&#xE9;ndose alusi&#xF3;n a que a trav&#xE9;s de este tipo de alfabetizaci&#xF3;n se contribuye a la formaci&#xF3;n de la gente de toda clase y condici&#xF3;n en buscar, evaluar, utilizar y crear informaci&#xF3;n orientada a la consecuci&#xF3;n de metas de car&#xE1;cter personal, social, ocupacional y educativo, estableciendo un derecho humano fundamental en el mundo digital y promoviendo la inclusi&#xF3;n social de todas las naciones. El concepto de inclusi&#xF3;n social por su parte, se ve rodeado de algunos otros como el de ciudadan&#xED;a, democracia y cohesi&#xF3;n social. Ante este panorama, son variados los actores que trabajan en beneficio de la inclusi&#xF3;n social, tales como: pol&#xED;ticos, empresarios, investigadores, docentes, profesionales de la informaci&#xF3;n, principalmente, quienes desde sus propios &#xE1;mbitos de competencia, pugnan por la inclusi&#xF3;n social, abonando en la co-construcci&#xF3;n de sociedades cada vez m&#xE1;s democr&#xE1;ticas y libres. Este libro es producto del trabajo llevado a cabo por investigadores y profesionales de la informaci&#xF3;n de diferentes latitudes, quienes desde sus propios pa&#xED;ses (Brasil, Espa&#xF1;a, M&#xE9;xico, Puerto Rico y Rumania) se esfuerzan por contribuir en la generaci&#xF3;n de conocimientos en temas en los que las universidades no han permanecido ajenas, al ser uno de sus principales objetivos, la formaci&#xF3;n de ciudadanos cr&#xED;ticos y comprometidos con su sociedad.</subfield>
  </datafield>
  <datafield tag="588" ind1=" " ind2=" ">
    <subfield code="a">Descripci&#xF3;n basada en metadatos suministrados por el editor y otras fuentes.</subfield>
  </datafield>
  <datafield tag="590" ind1=" " ind2=" ">
    <subfield code="a">Recurso electr&#xF3;nico. Santa Fe, Arg.: elibro, 2021. Disponible v&#xED;a World Wide Web. El acceso puede estar limitado para las bibliotecas afiliadas a elibro.</subfield>
  </datafield>
  <datafield tag="650" ind1=" " ind2="0">
    <subfield code="a">Information literacy</subfield>
    <subfield code="x">Study and teaching.</subfield>
  </datafield>
  <datafield tag="650" ind1=" " ind2="4">
    <subfield code="a">Alfabetizaci&#xF3;n en informaci&#xF3;n.</subfield>
  </datafield>
  <datafield tag="650" ind1=" " ind2="0">
    <subfield code="a">Electronic information resources literacy</subfield>
    <subfield code="x">Study and teaching.</subfield>
  </datafield>
  <datafield tag="650" ind1=" " ind2="0">
    <subfield code="a">Information technology</subfield>
    <subfield code="x">Social aspects.</subfield>
  </datafield>
  <datafield tag="655" ind1=" " ind2="4">
    <subfield code="a">Libros electr&#xF3;nicos.</subfield>
  </datafield>
  <datafield tag="700" ind1="1" ind2=" ">
    <subfield code="a">Mears, Berenice,</subfield>
    <subfield code="e">editor.</subfield>
  </datafield>
  <datafield tag="700" ind1="1" ind2=" ">
    <subfield code="a">Marzal Quismondo, Miguel &#xC1;ngel,</subfield>
    <subfield code="e">editor.</subfield>
  </datafield>
  <datafield tag="700" ind1="1" ind2=" ">
    <subfield code="a">Montado Dur&#xE1;n, Carlos Eduardo,</subfield>
    <subfield code="e">editor.</subfield>
  </datafield>
  <datafield tag="700" ind1="1" ind2="2">
    <subfield code="a">Mears, Berenice.</subfield>
    <subfield code="t">Evaluaci&#xF3;n de la alfabetizaci&#xF3;n en informaci&#xF3;n en la educaci&#xF3;n superior.</subfield>
  </datafield>
  <datafield tag="797" ind1="2" ind2=" ">
    <subfield code="a">elibro, Corp.</subfield>
  </datafield>
  <datafield tag="830" ind1=" " ind2="0">
    <subfield code="a">Biblioteca Alfagrama.</subfield>
  </datafield>
  <datafield tag="856" ind1="4" ind2="0">
    <subfield code="u">https://elibro.net/ereader/politecnicointernacional/188289</subfield>
  </datafield>
  <datafield tag="999" ind1=" " ind2=" ">
    <subfield code="c">130380</subfield>
    <subfield code="d">130380</subfield>
  </datafield>
</record>
